00772nam a22002057a 4500003001100000005001700011008004100028020001500069040003900084041000800123082001600131100005400147245015700201650004600358650002100404700002800425942000700453952009100460999001500551LK-CoMWRAF20240624112051.0240309b |||||||| |||| 00| 0 eng d a9810531346 aLK-CoMWRAFdLK-CoMWRAFeLK-CoMWRAF aeng a297.63bDAI a ad Daiba'i, al-Hafiz Shaikh Abdul Rahman bin Ali aMaulid Eulogy: ban autobiography of the prophet s.a.w. -May Allah's blessings be upon him and grant him peace with English translation and commentaries aISLAMIC RELIGIOUS LEADERS-Autobiographies aProphet Muhammad aAlhadad, Abdulkader Ali cBK 00104070aMAINbMAINd2024-03-09l0o297.63 DAIpRAF5188r2024-03-09w2024-03-09yBK c4848d4848